Normale Ansicht MARC-Ansicht ISBD

Pavel Fitin (Titelsatznr. 60724)

[ MARC ]
MARC-Details
000 -Satzkennung
Kontrollfeld mit fester Länge 00728nam a22002413u 4500
001 - Kontrollnummer
Kontrollfeld DHIM2022092114050030
003 - Kontrollnummer Identifier
Kontrollfeld RU-10907106
005 - Datum und Zeit der letzten Transaktion
Kontrollfeld 20221117130609.0
008 - Feld mit fester Länge zur physischen Beschreibung - Allgemeine Angaben
Kontrollfeld mit fester Länge 220921b2022 |||||||| |||| 00| 0 rus d
020 ## - Internationale Standardbuchnummer
Verknüpfung 978-5-00180-696-7
Internationale Standardbuchnummer 9785001806967
040 ## - Katalogisierungsquelle
Original-Katalogisierungsstelle RU-10907106
Katalogisierungssprache ger
Übertragungsstelle RU-10907106
245 1# - Titel
Titel Pavel Fitin
Zusatz zum Titel Načal'nik razvedki
Verfasserangabe etc. avtor-sostavitel' A. I. Kolpakidi
264 #1 - Produktion, Veröffentlichung, Distribution, Herstellung und Urheberrechtsvermerk
Herstellungs-, Veröffentlichungs- Vertriebs-, Erzeugungsort Moskva :
Produzent, Herausgeber, Distributor, Hersteller Rodina,
Datum der Herstellung, der Veröffentlichung, des Vertriebs oder des Urheberschutzvermerks 2022
300 ## - Physische Beschreibung
Umfang 272 Seiten
490 #1 - Gesamttitelangabe
Gesamttitelangabe Sovetskij vek
600 ## - Nebeneintragung unter einem Schlagwort - Personenname
Personenname Fitin, Pavel Michajlovič
Koha-Normdatenidentnummer 16507
648 ## - Nebeneintragung unter einem Schlagwort - Zeitschlagwort
Zeitschlagwort 1939-1946
Koha-Normdatenidentnummer 16508
650 ## - Nebeneintragung unter einem Schlagwort - Sachschlagwort
Sachschlagwort oder geografischer Name als Eintragungselement Abwehr
Koha-Normdatenidentnummer 13277
650 ## - Nebeneintragung unter einem Schlagwort - Sachschlagwort
Sachschlagwort oder geografischer Name als Eintragungselement Spion
Koha-Normdatenidentnummer 8283
651 ## - Nebeneintragung unter einem Schlagwort - Geografischer Name
Geografischer Name Sowjetunion
700 ## - Nebeneintragung - Personenname
Funktionsbezeichnungscode edt
Personenname Kolpakidi, Aleksandr Ivanovič
Funktionsbezeichnung editor
Koha-Normdatenidentnummer 14920
942 ## - Zusätzliche Felder (Koha)
Klassifikation oder Aufstellungssystematik Andere/Generische Klassifikation
Koha-Medientyp Monographien
Exemplare
Ausgeschieden Verloren Klassifikation oder Aufstellungssystematik Beschädigt Nicht entleihbar Heimatbibliothek Aufenthaltsbibliothek Aufstellungsort Erwerbungsdatum Inventarnummer Signatur Barcode Letzte Aktivität Preis gültig von Koha-Medientyp
    Andere/Generische Klassifikation     MWN Osteuropa MWN Osteuropa Magazin - 2 21/09/2022 22-00608 R 63 rc Kol 2 E00401080A92F027 21/09/2022 21/09/2022 Monographien